Opravné položky k bankovým úverom

Význam tvorby opravných položiek v praxi komerčných bánk.

Guardado en:
Detalles Bibliográficos
Autor principal: Tkáčová, Daniela, 1954-
Formato: Capítulo de libro
Lenguaje:eslovaco
Materias:
Etiquetas: Agregar Etiqueta
Sin Etiquetas, Sea el primero en etiquetar este registro!

MARC

LEADER 00000naa$a2200000$$$4500
001 0126293
005 20240502072435.5
041 0 |a slo 
044 |a SK 
245 1 0 |a Opravné položky k bankovým úverom  |c Dana Tkáčová 
520 |a Význam tvorby opravných položiek v praxi komerčných bánk. 
610 2 0 |a bankovníctvo 
610 2 0 |a banky obchodné 
610 2 0 |a položky opravné 
100 1 |a Tkáčová, Daniela, 1954-